|
|
|
|
| LEADER |
01378nam a2200397Ia 4500 |
| 001 |
EBC588824 |
| 003 |
MiAaPQ |
| 005 |
20200520144314.0 |
| 006 |
m o d | |
| 007 |
cr cn||||||||| |
| 008 |
100129s2010 nju sb 001 0 eng d |
| 010 |
|
|
|z 2010003437
|
| 020 |
|
|
|z 9780470478356 (cloth/cd-rom)
|
| 035 |
|
|
|a (MiAaPQ)EBC588824
|
| 035 |
|
|
|a (Au-PeEL)EBL588824
|
| 035 |
|
|
|a (CaPaEBR)ebr10419362
|
| 035 |
|
|
|a (CaONFJC)MIL278255
|
| 035 |
|
|
|a (OCoLC)671648376
|
| 040 |
|
|
|a MiAaPQ
|c MiAaPQ
|d MiAaPQ
|
| 050 |
|
4 |
|a HG4651
|b .B664 2010
|
| 082 |
0 |
4 |
|a 332.63/23
|2 22
|
| 100 |
1 |
|
|a Johnson, R. Stafford.
|
| 245 |
1 |
0 |
|a Bond evaluation, selection, and management
|h [electronic resource] /
|c R. Stafford Johnson.
|
| 250 |
|
|
|a 2nd ed.
|
| 260 |
|
|
|a Hoboken, NJ :
|b John Wiley & Sons,
|c 2010.
|
| 300 |
|
|
|a xxi, 881 p.
|
| 490 |
1 |
|
|a Wiley finance series
|
| 504 |
|
|
|a Includes bibliographical references and index.
|
| 533 |
|
|
|a Electronic reproduction. Ann Arbor, MI : ProQuest, 2015. Available via World Wide Web. Access may be limited to ProQuest affiliated libraries.
|
| 650 |
|
0 |
|a Bonds.
|
| 650 |
|
0 |
|a Bonds
|x Ratings and rankings.
|
| 650 |
|
0 |
|a Bond market.
|
| 655 |
|
4 |
|a Electronic books.
|
| 710 |
2 |
|
|a ProQuest (Firm)
|
| 830 |
|
0 |
|a Wiley finance series.
|
| 856 |
4 |
0 |
|u https://ebookcentral.proquest.com/lib/matrademy/detail.action?docID=588824
|z Click to View
|